Cost accounting: accounting data for management's decisions (3rd ed.) (Record no. 62551)

MARC details
000 -LEADER
fixed length control field 00833nam a2200193 a 4500
008 - FIXED-LENGTH DATA ELEMENTS--GENERAL INFORMATION
fixed length control field 120416s1982 ||||||||||||||||| || u
050 ## - LIBRARY OF CONGRESS CALL NUMBER
Classification number HF 5686.C8 Dop
100 ## - MAIN ENTRY--PERSONAL NAME
Personal name Dopuch, Nicholas
245 10 - TITLE STATEMENT
Title Cost accounting: accounting data for management's decisions (3rd ed.)
250 ## - EDITION STATEMENT
Edition statement 3rd. ed.
260 ## - PUBLICATION, DISTRIBUTION, ETC.
Place of publication, distribution, etc. New York
Name of publisher, distributor, etc. Harcourt Brace Jovanovich
Date of publication, distribution, etc. 1982
300 ## - PHYSICAL DESCRIPTION
Extent vi, 726p. : ill.
350 ## -
-- 0.00
650 #0 - SUBJECT ADDED ENTRY--TOPICAL TERM
Topical term or geographic name entry element ACCOUNTING--HANDBOOKS, MANUALS, ETC
650 #0 - SUBJECT ADDED ENTRY--TOPICAL TERM
Topical term or geographic name entry element COST ACCOUNTING
700 ## - ADDED ENTRY--PERSONAL NAME
Personal name Demski, Jolel S
995 ## -
-- MAIN LIBRARY OPEN ACCESS
-- 0.00
-- 718810
-- CBU-MAIN LIBRARY (Kitwe)
-- 1
-- 15.95
-- HF 5686.C8 Dop
-- 1
-- AVAILABLE
-- 024909
-- Main Library Open Access Collection
995 ## -
-- TEXTBOOKS (SB)
-- 0.00
-- 1759
-- CBU-SCHOOL TEXTBOOK COLLECTIONS
-- 1
-- 0.00
-- SCHOOL TEXTBOOK
-- 2
-- AVAILABLE
-- Sep 30, 2009
-- 1759
-- School Collections
999 ## -
-- 62551
-- 62551
Holdings
Withdrawn status Lost status Source of classification or shelving scheme Damaged status Not for loan Permanent Location Current Location Shelving location Date acquired Total Checkouts Full call number Barcode Date last seen Price effective from Koha item type
          CBU-MAIN LIBRARY, KITWE. CBU-MAIN LIBRARY, KITWE.   12/13/2022   HF 5686.C8 Dop 024909 12/13/2022 12/13/2022 MONOGRAPH
          CBU-MAIN LIBRARY, KITWE. CBU-MAIN LIBRARY, KITWE.   12/13/2022   HF 5686.C8 Dop 1759 12/13/2022 12/13/2022 MONOGRAPH